000 00689nam a2200193 a 4500
001 000043237
005 20250909091242.0
008 140303s2006 sp ac 000 0 spa d
040 _aDO-SdBNP
_bspa
_cBNPHU
100 1 _aMoragues Cortada, Damián
_970832
245 1 0 _aTurismo, cultura y desarrollo /
_cDamían Moragues Cortada.
260 _aMadrid :
_bAECID,
_c2006.
300 _a190 p. : ;
_c23 cm.
490 1 _aCultura y Desarrollo
_v2
504 _aIncluye referencias bibliográficas y notas al pie de las páginas
504 _aBibliografía : p. 187-190
710 2 _aAgencia Española de Cooperación Internacional
_934585
830 0 _aCultura y Desarrollo (España)
_v2
_970831
999 _c42726
_d42726